Código penal : (Registro nro. 19486)

Detalles MARC
000 -LEADER
fixed length control field 01350nam a2200361 4500
001 - CONTROL NUMBER
control field 0000023972
003 - CONTROL NUMBER IDENTIFIER
control field CO-CtgCURN
005 - DATE AND TIME OF LATEST TRANSACTION
control field 20260317003945.0
007 - PHYSICAL DESCRIPTION FIXED FIELD--GENERAL INFORMATION
fixed length control field ta
008 - FIXED-LENGTH DATA ELEMENTS--GENERAL INFORMATION
fixed length control field 160627s2014 000 0 eng d
020 ## - INTERNATIONAL STANDARD BOOK NUMBER
International Standard Book Number 9789587691580
040 ## - CATALOGING SOURCE
Original cataloging agency CO-CtgCURN
Language of cataloging spa
Transcribing agency coctgcurn
082 0# - DEWEY DECIMAL CLASSIFICATION NUMBER
Classification number 345.861
Item number C718
110 2# - MAIN ENTRY--CORPORATE NAME
Corporate name or jurisdiction name as entry element Colombia.
245 10 - TITLE STATEMENT
Title Código penal :
Remainder of title anotado /
Statement of responsibility, etc. Mario Arboleda Vallejo.
250 ## - EDITION STATEMENT
Edition statement 35a ed.
256 ## - COMPUTER FILE CHARACTERISTICS
Computer file characteristics Código penal: Ley 599 de 2000. Ley 906 de 2004. Cuadro de penas con ambitos de movilidad.
260 ## - PUBLICATION, DISTRIBUTION, ETC.
Place of publication, distribution, etc. Bogotá :
Name of publisher, distributor, etc. Leyer,
Date of publication, distribution, etc. 2014.
300 ## - PHYSICAL DESCRIPTION
Extent xiv, 780, lxviii p.
336 ## - CONTENT TYPE
Source rdacontent
337 ## - MEDIA TYPE
Source rdamedia
Media type term sin mediacion
Media type code n
338 ## - CARRIER TYPE
Source rdacarrier
Carrier type term volumen
Carrier type code nc
500 ## - GENERAL NOTE
General note Incluye anexos e indices.
505 8# - FORMATTED CONTENTS NOTE
Formatted contents note De las normas rectoras de la ley penal colombiana -- De los delitos en particular: delitos contra la vida y la integridad personal
650 14 - SUBJECT ADDED ENTRY--TOPICAL TERM
Topical term or geographic name entry element Derecho penal
Form subdivision Legislacion
Geographic subdivision Colombia.
700 1# - ADDED ENTRY--PERSONAL NAME
Personal name Arboleda Vallejo, Mario.
908 ## - PUT COMMAND PARAMETER (RLIN)
Put command parameter 160627
942 ## - ADDED ENTRY ELEMENTS (KOHA)
Koha item type Libros
Classification part 345.861
Item part C718
Source of classification or shelving scheme Dewey Decimal Classification
Existencias
Withdrawn status Lost status Source of classification or shelving scheme Damaged status Not for loan Collection Home library Current library Shelving location Date acquired Inventory number Total checkouts Full call number Barcode Date last seen Date last checked out Copy number Price effective from Koha item type Public note
    Dewey Decimal Classification     General Miguel Henríquez Castañeda Miguel Henríquez Castañeda General 03/31/2025 015962 4 345.861 C718 015962 10/20/2025 10/07/2025 ej.1 03/31/2025 Libros 340-DEREC
    Dewey Decimal Classification     General Miguel Henríquez Castañeda Miguel Henríquez Castañeda General 03/31/2025 015966   345.861 C718 015966 03/31/2025   ej.2 03/31/2025 Libros 340-DEREC
    Dewey Decimal Classification     General Miguel Henríquez Castañeda Miguel Henríquez Castañeda General 03/31/2025 015964 7 345.861 C718 015964 03/11/2026 03/10/2026 ej.3 03/31/2025 Libros 340-DEREC
    Dewey Decimal Classification     General Miguel Henríquez Castañeda Miguel Henríquez Castañeda General 03/31/2025 015965   345.861 C718 015965 03/31/2025   ej.4 03/31/2025 Libros 340-DEREC